|
|
|
|
| LEADER |
01487nam a2200373 a 4500 |
| 001 |
4786298 |
| 003 |
BD-DhAAL |
| 005 |
20150208115042.0 |
| 007 |
ta |
| 008 |
130908s1987 caua b 001 0 eng |
| 010 |
|
|
|a 87016982
|
| 020 |
|
|
|a 080393131X (pbk.)
|
| 040 |
|
|
|a DLC
|c DLC
|d DLC
|d BD-DhAAL
|
| 050 |
0 |
0 |
|a BF327
|b .H46 1987
|
| 082 |
0 |
0 |
|a 152.4/52/0287
|2 19
|
| 999 |
|
|
|c 13932
|d 13932
|
| 999 |
|
|
|c 13932
|
| 100 |
1 |
|
|a Henerson, Marlene E.
|9 2937
|
| 245 |
1 |
0 |
|a How to measure attitudes /
|c Marlene E. Henerson, Lynn Lyons Morris, Carol Taylor Fitz-Gibbon.
|
| 250 |
|
|
|a 2nd ed.
|
| 260 |
|
|
|a Newbury Park, Calif. :
|b Sage Publications,
|c c1987,
|g 1988 printing.
|
| 300 |
|
|
|a 185 p. :
|b ill. ;
|c 22 cm.
|
| 490 |
1 |
|
|a Program evaluation kit ;
|v 6
|
| 500 |
|
|
|a "Developed at the Center for the Study of Evaluation, Graduate School of Education, University of California, Los Angeles"--T.p. verso.
|
| 500 |
|
|
|a Includes index.
|
| 504 |
|
|
|a Bibliography: p. 182.
|
| 541 |
|
|
|e 10807
|
| 650 |
|
0 |
|a Attitude (Psychology)
|x Testing.
|9 2938
|
| 700 |
1 |
|
|a Morris, Lynn Lyons.
|9 2939
|
| 700 |
2 |
|
|a Fitz-Gibbon, Carol Taylor.
|9 2940
|
| 710 |
2 |
|
|a University of California, Los Angeles.
|b Center for the Study of Evaluation.
|9 2941
|
| 830 |
|
0 |
|a Program evaluation kit (2nd ed.) ;
|v 6.
|9 2942
|
| 942 |
|
|
|2 ddc
|c BK
|
| 952 |
|
|
|0 0
|1 0
|2 ddc
|4 0
|6 152_452028700000000_HEN
|7 0
|9 23327
|a BRACUL
|b BRACUL
|c GEN
|d 2013-09-08
|l 2
|m 8
|o 152.4520287 HEN
|p 3010010807
|q 2026-09-09
|r 2024-08-20
|s 2024-08-20
|t 1
|w 2013-09-08
|y BK
|